Los profetas del Antiguo Testamento
Сохранить в:
| Главный автор: | |
|---|---|
| Формат: | |
| Язык: | испанский |
| Опубликовано: |
Pamplona
Verbo Divino
1983
|
| Серии: | Cuadernos Bíblicos, 43
|
| Предметы: | |
| Метки: |
Добавить метку
Нет меток, Требуется 1-ая метка записи!
|
MARC
| LEADER | 00000cam a2200000 a 4500 | ||
|---|---|---|---|
| 001 | UCL7846 | ||
| 003 | CL-VaPUC | ||
| 008 | 040604e19830000SP |||||||||||||||||spa|d | ||
| 020 | |a 8471513552 | ||
| 082 | 0 | 4 | |a 224 |b MON |2 21 |
| 100 | |a Monloubou, Louis |e autor |9 485756 | ||
| 245 | 1 | 4 | |a Los profetas del Antiguo Testamento |
| 300 | |a 63 p | ||
| 942 | |c BK | ||
| 945 | |d 20040604 00:00:00 |a cmena | ||
| 260 | |a Pamplona |b Verbo Divino |c 1983 | ||
| 650 | 0 | |a Textos sagrados |9 257605 | |
| 650 | 0 | |a Sagradas escrituras |9 349657 | |
| 650 | 0 | |a Biblia |9 257603 | |
| 650 | 0 | |a Antiguo testamento |9 313678 | |
| 650 | 0 | |a Profetas |9 314377 | |
| 583 | |a last modification |c 20120627 11:48:09 |k Rodrigo Vera | ||
| 490 | 0 | |a Cuadernos Bíblicos, 43 | |
| 999 | |c 309404 |d 309402 | ||
| 952 | |0 0 |1 0 |4 0 |6 224_000000000000000_MON_1983 |7 0 |8 A |9 376840 |a BIBTEO |b BIBTEO |d 2019-11-21 |i 2116871 |o 224 MON 1983 |p 2116871 |r 2025-01-17 |w 2019-11-21 |y BK |k ICR | ||
| 952 | |0 0 |1 0 |4 0 |6 224_000000000000000_MON_1983 |7 0 |8 A |9 376841 |a BIBTEO |b BIBTEO |d 2019-11-21 |i 2898438 |o 224 MON 1983 |p 2898438 |r 2025-01-17 |w 2019-11-21 |y BK |k ICR | ||